[Event "Faxe Dags EMT 2016"]
[Site "Faxe"]
[Date "2016.05.04"]
[Round "6"]
[White "Sorensen, Lindved"]
[Black "Adrian, Michael"]
[Result "1-0"]
[WhiteElo "1733"]
[BlackElo "1523"]
[PlyCount "57"]
[EventDate "2016.??.??"]

1. Nf3 d5 2. c4 c6 3. b3 e6 4. Bb2 f5 5. g3 Nf6 6. Bg2 Be7 7. O-O O-O 8. d3 Bd7
9. Nbd2 Be8 10. Rc1 Bh5 11. Ng5 Qd7 12. Bf3 Bf7 13. h4 Ng4 14. e3 Bh5 15. Nh3
Bd6 16. Be2 Qc7 17. Nf4 Bxf4 18. exf4 Nd7 19. Nf3 Rad8 20. Nd4 Rfe8 21. cxd5
exd5 22. Nxf5 Rxe2 23. Qxe2 Ndf6 24. f3 Re8 25. Qd2 Qd7 26. fxg4 Nxg4 27. Nxg7
Ne3 28. Nxh5 Qh3 29. Nf6+ 1-0

[Event "Faxe Dags EMT 2016"]
[Site "Faxe"]
[Date "2016.05.04"]
[Round "6"]
[White "Nielsen, Henning Sogaard"]
[Black "Andersen, Hans E"]
[Result "0-1"]
[WhiteElo "1213"]
[BlackElo "1449"]
[PlyCount "120"]
[EventDate "2016.??.??"]

1. f4 Nf6 2. Nf3 Nc6 3. g3 e6 4. Bg2 Bc5 5. e3 d5 6. d4 Bb6 7. O-O Ne4 8. Nbd2
h6 9. Nxe4 dxe4 10. Ne5 Qd5 11. c4 Qd8 12. Qa4 Bd7 13. Nxc6 Bxc6 14. Qb4 a6 15.
c5 Ba7 16. Rd1 Qe7 17. Bd2 b6 18. Rac1 Bd5 19. Qa3 a5 20. b4 O-O 21. Qb2 Rab8
22. Qc2 Rfc8 23. Bxe4 axb4 24. Bxd5 exd5 25. c6 b5 26. Kf2 Re8 27. Qb2 Qe4 28.
Qxb4 g5 29. Qb1 Qe6 30. Re1 Qh3 31. Rh1 Re4 32. Rce1 gxf4 33. exf4 Bxd4+ 34.
Be3 Bxe3+ 35. Rxe3 Rc4 36. Re5 Rxc6 37. Rxd5 Rcb6 38. Qb4 Qe6 39. Rhd1 Re8 40.
Qe1 Qxe1+ 41. Rxe1 Rxe1 42. Kxe1 c6 43. Rc5 Ra6 44. Rc2 Kf8 45. Kd1 Ke7 46. Rd2
c5 47. Kc1 Rd6 48. Re2+ Re6 49. Rd2 Rd6 50. Kc2 Rxd2+ 51. Kxd2 Kd6 52. Kd3 Kd5
53. a3 c4+ 54. Ke3 f5 55. h3 h5 56. h4 Kc5 57. Kd2 Kd4 58. Kc2 c3 59. Kd1 Kd3
60. Kc1 c2 0-1

[Event "Faxe Dags EMT 2016"]
[Site "Faxe"]
[Date "2016.05.04"]
[Round "6"]
[White "Nielsen, Ib"]
[Black "Hansen, Arne Mandrup"]
[Result "0-1"]
[WhiteElo "1334"]
[BlackElo "1230"]
[PlyCount "94"]
[EventDate "2016.??.??"]

1. e4 d5 2. exd5 e6 3. dxe6 Bxe6 4. Nf3 Nc6 5. Nc3 Nf6 6. Bb5 Nd5 7. O-O Be7 8.
Ne5 Qd6 9. d4 Nxc3 10. bxc3 O-O 11. Bf4 Nxe5 12. Bxe5 Qd8 13. Bd3 f6 14. Bg3
Bd6 15. f4 f5 16. Qf3 c6 17. Rae1 Bd5 18. Qh5 Qf6 19. Bh4 Qg6 20. Qxg6 hxg6 21.
c4 Bf7 22. c5 Bc7 23. c4 Rfe8 24. Rd1 b6 25. Rf3 a6 26. cxb6 Bxb6 27. c5 Bc7
28. Rb1 Reb8 29. Rxb8+ Bxb8 30. a3 Bc7 31. Bf2 Rb8 32. Bxa6 Rb1+ 33. Bf1 Bc4
34. Be3 Bd5 35. Rf2 Rb3 36. Bc1 Rb1 37. Bb2 Bxf4 38. Rxf4 Rxb2 39. h4 Ra2 40.
h5 Kf7 41. hxg6+ Kxg6 42. g4 Kg5 43. Rxf5+ Kxg4 44. Rxd5 cxd5 45. Bg2 Kg3 46.
c6 Rxa3 47. c7 Rc3 0-1

[Event "Faxe Dags EMT 2016"]
[Site "Faxe"]
[Date "2016.05.04"]
[Round "6"]
[White "Andersen, Hans Poul"]
[Black "Jacobsen, Knud"]
[Result "1-0"]
[WhiteElo "1310"]
[BlackElo "1038"]
[PlyCount "77"]
[EventDate "2016.??.??"]

1. e4 e5 2. Bc4 Nc6 3. a3 Nf6 4. d3 Be7 5. Nf3 d5 6. exd5 Nxd5 7. O-O O-O 8. h3
Bf5 9. Bd2 Nd4 10. Nc3 Nxc3 11. Bxc3 Bf6 12. Nxd4 exd4 13. Bd2 Re8 14. Qf3 Bg6
15. Rae1 Rxe1 16. Rxe1 c6 17. b4 Qd7 18. Qe2 h6 19. Qf3 Re8 20. Re2 Re5 21.
Rxe5 Bxe5 22. Kf1 Kh7 23. Bf4 Bxf4 24. Qxf4 b6 25. g4 f5 26. f3 fxg4 27. hxg4
h5 28. Qg3 Qe7 29. Qf2 Qe3 30. gxh5 Qxf2+ 31. Kxf2 Bxh5 32. Be6 g5 33. Kg3 Kg6
34. Bd7 c5 35. b5 Kf6 36. a4 a5 37. bxa6 Ke7 38. a7 Kxd7 39. a8=Q 1-0

[Event "Faxe Dags EMT 2016"]
[Site "Faxe"]
[Date "2016.05.18"]
[Round "7"]
[White "Stuhr, Peter Sebastian"]
[Black "Pedersen, Henrik Dahl"]
[Result "0-1"]
[WhiteElo "1907"]
[BlackElo "2151"]
[PlyCount "98"]
[EventDate "2016.??.??"]

1. e4 e6 2. Nc3 d5 3. f4 dxe4 4. Nxe4 Nf6 5. Ng3 h5 6. Bc4 h4 7. Nf1 Bd6 8. d3
Bd7 9. Qe2 Nc6 10. Be3 Qe7 11. Nd2 Nb4 12. Ne4 Nfd5 13. Bxd5 Nxd5 14. Nxd6+
Qxd6 15. Nh3 Nxe3 16. Qxe3 Qb4+ 17. Qd2 Qxb2 18. O-O Qd4+ 19. Kh1 Bc6 20. Rae1
O-O-O 21. Qe3 g6 22. Kg1 Qd5 23. Qf2 Rh5 24. a3 Rd7 25. Re4 Qc5 26. Qxc5 Rxc5
27. Re2 Ba4 28. Rff2 Rc3 29. Ng5 Rxa3 30. Nf3 Ra1+ 31. Rf1 Rxf1+ 32. Kxf1 a5
33. Ne5 Rd4 34. Rf2 Be8 35. Nc4 a4 36. Ke2 b5 37. c3 Rd5 38. Ne3 Rd6 39. d4 b4
40. cxb4 Rxd4 41. Nc2 Bb5+ 42. Kf3 Rd3+ 43. Kg4 a3 44. Kxh4 a2 45. Na1 Bc4 46.
Rf1 Rd4 47. Rc1 Bd5 48. Rc3 Rd1 49. Nc2 Rc1 0-1

[Event "Faxe Dags EMT 2016"]
[Site "Faxe"]
[Date "2016.05.18"]
[Round "7"]
[White "Petersen, Bent"]
[Black "Arnkilde, Anders"]
[Result "1/2-1/2"]
[WhiteElo "1831"]
[BlackElo "1970"]
[PlyCount "118"]
[EventDate "2016.??.??"]

1. d4 Nf6 2. Nf3 e6 3. c4 b6 4. Nc3 Bb4 5. Qc2 c5 6. Bg5 cxd4 7. Nxd4 Bb7 8. e3
O-O 9. Rd1 Qe7 10. Nf3 Na6 11. a3 Bxc3+ 12. Qxc3 Nc5 13. Bxf6 gxf6 14. Bd3 f5
15. h4 f6 16. Rh3 d5 17. Nd4 Nxd3+ 18. Qxd3 Ba6 19. Nb5 dxc4 20. Qxc4 Rac8 21.
Qa4 Bxb5 22. Qxb5 Rfd8 23. Rxd8+ Qxd8 24. Qb3 Rc1+ 25. Ke2 Qc8 26. Rg3+ Kf7 27.
h5 Qa6+ 28. Kf3 Re1 29. Kf4 Qe2 30. Rf3 Rc1 31. Kg3 Rc4 32. Kh3 Qf1 33. Kh2
Rh4+ 34. Rh3 Rg4 35. Rg3 Qxf2 36. Rxg4 fxg4 37. Qd3 Qh4+ 38. Kg1 f5 39. Qd7+
Qe7 40. Qd4 e5 41. Qd5+ Kg7 42. Qc6 Qf6 43. Qc7+ Kh6 44. Qxa7 g3 45. Qd7 f4 46.
e4 b5 47. b3 Qb6+ 48. Kh1 Qc5 49. Qe6+ Kg7 50. h6+ Kf8 51. Qf6+ Ke8 52. Qh8+
Kd7 53. Qxh7+ Ke6 54. Qf5+ Ke7 55. Qg5+ Ke6 56. Qg4+ Kf6 57. Qf5+ Ke7 58. Qh7+
Ke6 59. Qg8+ Ke7 1/2-1/2

[Event "Faxe Dags EMT 2016"]
[Site "Faxe"]
[Date "2016.05.18"]
[Round "7"]
[White "Alic, Ohran"]
[Black "Pedersen, Hans Dahl"]
[Result "0-1"]
[WhiteElo "1629"]
[BlackElo "2144"]
[PlyCount "76"]
[EventDate "2016.??.??"]

1. Nf3 d5 2. d4 Nf6 3. g3 Bg4 4. Bg2 e6 5. Ne5 Bf5 6. c4 c6 7. c5 Nbd7 8. Nxd7
Qxd7 9. Nc3 b6 10. b4 a5 11. Na4 bxc5 12. bxc5 Qb7 13. Nb6 Ra6 14. O-O Be7 15.
Qb3 Ra7 16. Re1 O-O 17. Bg5 Rd8 18. h3 h6 19. Bf4 Bh7 20. f3 Nh5 21. Kh2 Nxf4
22. gxf4 Qc7 23. Qe3 Bh4 24. Qe5 Bxe1 25. Rxe1 a4 26. a3 Qxe5 27. fxe5 Ra5 28.
Bf1 Rb5 29. Nxa4 Rb3 30. Nb6 Rxa3 31. Rd1 Rb8 32. Rd2 Rb7 33. Nc8 Kf8 34. Bg2
Rb4 35. Nb6 Bb1 36. e4 Ra2 37. Rxa2 Bxa2 38. exd5 Bxd5 0-1

[Event "Faxe Dags EMT 2016"]
[Site "Faxe"]
[Date "2016.05.18"]
[Round "7"]
[White "Andersen, Bjarne Hjorth"]
[Black "Stuhr, Finn"]
[Result "1-0"]
[WhiteElo "1877"]
[BlackElo "1667"]
[PlyCount "115"]
[EventDate "2016.??.??"]

1. e4 e5 2. Nf3 Nc6 3. d4 exd4 4. Nxd4 Bb4+ 5. c3 Bc5 6. Be3 Bb6 7. Bc4 Nge7 8.
O-O O-O 9. Nd2 Nxd4 10. cxd4 d5 11. Bb3 dxe4 12. Nxe4 Nf5 13. Qd2 Re8 14. Ng5
Nd6 15. Bf4 h6 16. Nf3 Nf5 17. Rad1 c6 18. Ne5 Be6 19. d5 cxd5 20. Bxd5 Qxd5
21. Qxd5 Bxd5 22. Rxd5 Rad8 23. Nd7 Nd4 24. Bg3 Ne2+ 25. Kh1 Nxg3+ 26. hxg3 Bc7
27. f4 Re7 28. Rfd1 Rde8 29. Kh2 Re2 30. R5d2 b6 31. Kg1 f6 32. Rxe2 Rxe2 33.
Rc1 Bd6 34. Rc6 Be7 35. Rc7 Bd6 36. Rxa7 Re7 37. Kf1 Kf7 38. Rb7 Ke8 39. Nxf6+
gxf6 40. Rxb6 Rd7 41. a4 Kd8 42. b4 Kc7 43. a5 Rd8 44. b5 Bb4 45. Rc6+ Kb8 46.
a6 Rd7 47. b6 Rd6 48. a7+ Kb7 49. Rc7+ Kxb6 50. a8=Q Kxc7 51. Qa7+ Kc6 52. Qa4+
Kc5 53. Qc2+ Kd4 54. Qg6 Ke3 55. Qe8+ Kd4 56. Ke2 Kd5 57. Kf3 Bc5 58. Qe4# 1-0

[Event "Faxe Dags EMT 2016"]
[Site "Faxe"]
[Date "2016.05.18"]
[Round "7"]
[White "Hansen, Aage"]
[Black "Engelstoft, Jens"]
[Result "1-0"]
[WhiteElo "1696"]
[BlackElo "1642"]
[PlyCount "43"]
[EventDate "2016.??.??"]

1. e4 g6 2. d4 Bg7 3. c4 d6 4. Nf3 Nd7 5. Nc3 e5 6. Be3 Ngf6 7. h3 O-O 8. Bd3
b6 9. Qd2 exd4 10. Nxd4 Nc5 11. Bc2 Bb7 12. f3 Nh5 13. g4 Ng3 14. Rg1 Be5 15.
Bf2 Qf6 16. O-O-O Bf4 17. Be3 g5 18. Rxg3 Bxg3 19. Bxg5 Qh8 20. Nf5 f6 21. Bh6
Be5 22. Bg7 1-0

[Event "Faxe Dags EMT 2016"]
[Site "Faxe"]
[Date "2016.05.18"]
[Round "7"]
[White "Larsen, Poul Erik"]
[Black "Meldal, Peter"]
[Result "0-1"]
[WhiteElo "1180"]
[BlackElo "1268"]
[PlyCount "140"]
[EventDate "2016.??.??"]

1. e4 e5 2. Nf3 d6 3. Bc4 Be7 4. O-O Nf6 5. Nc3 O-O 6. d4 exd4 7. Nxd4 c6 8.
Re1 a6 9. a4 Nbd7 10. f4 Nb6 11. Be2 d5 12. e5 Ne8 13. a5 Nd7 14. Bg4 Bb4 15.
Nb3 Nc7 16. Bd2 Ne6 17. f5 Nec5 18. Na4 Nxb3 19. cxb3 Bxa5 20. e6 Bxd2 21. Qxd2
Nf6 22. e7 Qd6 23. exf8=Q+ Kxf8 24. Qd4 h5 25. Bh3 Nd7 26. Re3 c5 27. Qh4 Nf6
28. Rae1 b5 29. Qxh5 Bd7 30. Qh8+ Ng8 31. Rg3 Qf6 32. Nb6 Rd8 33. Nxd7+ Rxd7
34. Rge3 Rd8 35. Re5 Qb6 36. Kh1 d4 37. Qh5 d3 38. Qf3 c4 39. Rd5 Rc8 40. f6
Nxf6 41. Bxc8 Nxd5 42. Qxd5 Kg8 43. Re8+ Kh7 44. Qxf7 Kh6 45. Bf5 g6 46. Rh8+
Kg5 47. h4+ Kf4 48. Bxg6+ Ke3 49. Re8+ Kd2 50. Qf4+ Kc2 51. Re2+ Kb1 52. Qf3
Ka2 53. Re1 Kxb3 54. Qe4 b4 55. Qe5 Qxg6 56. Qd4 Qg3 57. Rc1 Qc7 58. Ra1 a5 59.
Qd5 a4 60. Qa8 Qd7 61. Qf3 Kxb2 62. Qd1 Kc3 63. Rxa4 d2 64. Ra2 b3 65. Qa1+ Kd3
66. Qf1+ Kc3 67. Qf3+ Kb4 68. Qd1 bxa2 69. h5 Qd4 70. h6 a1=Q 0-1

[Event "Faxe Dags EMT 2016"]
[Site "Faxe"]
[Date "2016.05.17"]
[Round "7"]
[White "Zachariassen, John"]
[Black "Hansen, Borge"]
[Result "1-0"]
[WhiteElo "1959"]
[BlackElo "1433"]
[PlyCount "92"]
[EventDate "2016.??.??"]

1. Nf3 Nc6 2. g3 e5 3. d3 d6 4. Bg2 Bd7 5. O-O Nf6 6. c4 Be7 7. Nc3 O-O 8. Bg5
Ng4 9. Bxe7 Nxe7 10. b4 a6 11. a4 Rb8 12. Qd2 c6 13. Ne4 Bf5 14. Nh4 h6 15. h3
Bxe4 16. dxe4 Nf6 17. Rad1 Ne8 18. Qc3 Qc7 19. Nf5 Rd8 20. Ne3 Nf6 21. Rd2 g6
22. Rfd1 Nc8 23. Nf1 Qd7 24. Qe3 Kg7 25. f4 exf4 26. gxf4 Rde8 27. Ng3 Qc7 28.
c5 dxc5 29. bxc5 Kh7 30. e5 Re7 31. Qf2 Ng8 32. Ne4 Qa5 33. Qd4 Qc7 34. Nd6 Qd7
35. Rb2 Nxd6 36. cxd6 Ree8 37. e4 f6 38. exf6 Nxf6 39. e5 Nh5 40. Rf1 Ng3 41.
Rc1 Nf5 42. Qa7 Rf7 43. Rcb1 Nxd6 44. exd6 Qxd6 45. Rxb7 Rxb7 46. Rxb7+ Kh8 1-0

[Event "Faxe Dags EMT 2016"]
[Site "Faxe"]
[Date "2016.05.18"]
[Round "7"]
[White "Refsgaard, Kaj"]
[Black "Sorensen, Lindved"]
[Result "0-1"]
[WhiteElo "1547"]
[BlackElo "1733"]
[PlyCount "78"]
[EventDate "2016.??.??"]

1. d4 Nf6 2. Bf4 e6 3. e3 c5 4. c3 Nc6 5. Nd2 d5 6. Bd3 c4 7. Bc2 Bd6 8. Bg3 b5
9. a3 O-O 10. Ne2 Ne7 11. O-O Nf5 12. e4 Nxg3 13. Nxg3 dxe4 14. Ngxe4 Nd5 15.
Nxd6 Qxd6 16. Nf3 Bb7 17. Bxh7+ Kxh7 18. Ng5+ Kg8 19. Qh5 Nf6 20. Qh4 Qd5 21.
f3 Qf5 22. Rae1 Nd7 23. f4 Rfe8 24. Re3 f6 25. g4 fxg5 26. fxg5 Qc2 27. Qg3 Rf8
28. Rfe1 Bd5 29. R1e2 Qc1+ 30. Re1 Qxb2 31. R1e2 Qxa3 32. Qh4 Qc1+ 33. Re1 Qc2
34. R1e2 Qh7 35. Qg3 Rf7 36. h4 Raf8 37. Re1 Rf3 38. Rxf3 Rxf3 39. Qd6 Qxh4 0-1

[Event "Faxe Dags EMT 2016"]
[Site "Faxe"]
[Date "2016.05.18"]
[Round "7"]
[White "Nielsen, Kurt Sogaard"]
[Black "Eckert, Svend"]
[Result "1-0"]
[WhiteElo "1661"]
[BlackElo "1692"]
[PlyCount "67"]
[EventDate "2016.??.??"]

1. d4 Nf6 2. c4 g6 3. Nc3 Bg7 4. e4 d6 5. Nf3 O-O 6. Be2 Re8 7. O-O Nbd7 8. Bg5
c6 9. Qd2 e5 10. d5 Qc7 11. h3 Nc5 12. Qc2 a5 13. Nd2 Nh5 14. Bxh5 gxh5 15. Qd1
f6 16. Bh4 Qf7 17. f4 exf4 18. Rxf4 Nd3 19. Rf3 Ne5 20. Rf1 Qg6 21. Kh1 h6 22.
Ne2 Bg4 23. hxg4 Qxg4 24. Rf4 Qg6 25. Qb3 c5 26. Raf1 Ng4 27. Qg3 Re5 28. Rf5
Rae8 29. Nf4 Qf7 30. Nxh5 Rxf5 31. Rxf5 Qg6 32. Bxf6 Bxf6 33. Rxf6 Qxe4 34.
Nxe4 1-0

[Event "Faxe Dags EMT 2016"]
[Site "Faxe"]
[Date "2016.05.18"]
[Round "7"]
[White "Jakobsen, Henning"]
[Black "Mathiasen, Gunnar"]
[Result "1-0"]
[WhiteElo "1474"]
[BlackElo "1561"]
[PlyCount "103"]
[EventDate "2016.??.??"]

1. d4 Nf6 2. c4 e6 3. Nc3 Bb4 4. Bd2 O-O 5. Nf3 d5 6. e3 a6 7. Bd3 Bxc3 8. Bxc3
Nbd7 9. Bb4 Re8 10. O-O dxc4 11. Bxc4 Nb6 12. Bb3 Nbd5 13. Bd2 c6 14. a3 Ne4
15. Rc1 f6 16. Bc2 Nd6 17. Bb1 Kh8 18. Nh4 f5 19. Nf3 Nf6 20. Ne5 Qc7 21. Bb4
Nf7 22. f4 Nd5 23. Qh5 Kg8 24. Rf3 Nf6 25. Qh4 Nxe5 26. fxe5 Nd5 27. Rh3 g6 28.
Bd6 Qf7 29. Rf1 b6 30. e4 Ne7 31. Rf4 Qg7 32. Qh6 g5 33. Qxg7+ Kxg7 34. Rg3 Kg6
35. Bxe7 Rxe7 36. h4 g4 37. exf5+ exf5 38. Rgxg4+ Kh6 39. Rg5 Rg7 40. Rxg7 Kxg7
41. Bxf5 Bxf5 42. Rxf5 Rd8 43. Rf6 Rxd4 44. Rxc6 Rxh4 45. Rxb6 Rh6 46. Rd6 Rg6
47. Kf2 Kf8 48. Kf3 Ke7 49. Rxg6 hxg6 50. Kf4 Ke6 51. Ke4 a5 52. b4 1-0

[Event "Faxe Dags EMT 2016"]
[Site "Faxe"]
[Date "2016.05.18"]
[Round "7"]
[White "Adrian, Michael"]
[Black "Nielsen, Henning Sogaard"]
[Result "1-0"]
[WhiteElo "1523"]
[BlackElo "1213"]
[PlyCount "81"]
[EventDate "2016.??.??"]

1. e4 e5 2. Nf3 Nc6 3. d4 Bb4+ 4. c3 Ba5 5. d5 Nce7 6. Nxe5 d6 7. Nf3 Nf6 8.
Qa4+ Bd7 9. Qxa5 Nxe4 10. Bd3 b6 11. Qb4 Nf6 12. c4 c6 13. dxc6 Bxc6 14. O-O
O-O 15. Nd4 Qc8 16. Bg5 Qg4 17. Nxc6 Nxc6 18. Qd2 Qd4 19. Qc3 Nd7 20. Qxd4 Nxd4
21. Nc3 Nc5 22. Rad1 Nde6 23. Be3 Nc7 24. Bf4 Rad8 25. Be4 Rfe8 26. f3 Nxe4 27.
Nxe4 Na6 28. Bxd6 Rc8 29. b3 Re6 30. Ba3 Rec6 31. Rd7 Ra8 32. Rfd1 h6 33. Re7
Rc7 34. Rdd7 Rxd7 35. Rxd7 Nc5 36. Nxc5 bxc5 37. Bxc5 a6 38. Kf2 Rc8 39. Bb6
Rc6 40. c5 a5 41. Ra7 1-0

[Event "Faxe Dags EMT 2016"]
[Site "Faxe"]
[Date "2016.05.18"]
[Round "7"]
[White "Andersen, Hans E"]
[Black "Skotte, Niels Peder"]
[Result "1-0"]
[WhiteElo "1449"]
[BlackElo "1359"]
[PlyCount "133"]
[EventDate "2016.??.??"]

1. e4 d6 2. Nc3 Nf6 3. Bc4 c6 4. a4 g6 5. h3 Bg7 6. Qf3 Nbd7 7. d3 Ne5 8. Qe3
Nxc4 9. dxc4 Qb6 10. Qxb6 axb6 11. Nge2 e5 12. Be3 Be6 13. b3 Nd7 14. Rd1 Ke7
15. O-O Rad8 16. Rd2 f5 17. f3 Rhf8 18. Rfd1 f4 19. Bf2 g5 20. Rxd6 h5 21. Kh2
g4 22. Bh4+ Bf6 23. Bxf6+ Rxf6 24. R6d3 gxf3 25. gxf3 Rg6 26. Rg1 Rdg8 27. Rxg6
Rxg6 28. Na2 Nc5 29. Rd1 Na6 30. Nac1 Nb4 31. c3 Nc2 32. Nd3 Ne3 33. Rg1 Rxg1
34. Nxg1 Kd6 35. Ne2 b5 36. c5+ Kc7 37. axb5 cxb5 38. Nxe5 Bxb3 39. Nxf4 Nd1
40. Ne2 Be6 41. Nd4 Bc4 42. Kg3 Nxc3 43. Nxc4 bxc4 44. Kh4 b5 45. cxb6+ Kxb6
46. Kxh5 Kc5 47. Nc2 Ne2 48. Kg5 Nd4 49. Ne3 c3 50. Kf4 Kd6 51. e5+ Ke6 52. Ke4
c2 53. Nxc2 Nxc2 54. f4 Nb4 55. h4 Nc6 56. f5+ Kf7 57. Kf4 Ne7 58. Kg5 Kf8 59.
h5 Kg8 60. e6 Nd5 61. f6 Nc7 62. Kf5 Nd5 63. h6 Kh7 64. e7 Nc7 65. f7 Nd5 66.
e8=Q Nc7 67. Qg8+ 1-0

[Event "Faxe Dags EMT 2016"]
[Site "Faxe"]
[Date "2016.05.18"]
[Round "7"]
[White "Hansen, Arne Mandrup"]
[Black "Jacobsen, Knud"]
[Result "1-0"]
[WhiteElo "1230"]
[BlackElo "1038"]
[PlyCount "71"]
[EventDate "2016.??.??"]

1. d4 d5 2. Bf4 Nc6 3. e3 e6 4. c4 Nf6 5. h3 Bb4+ 6. Nd2 O-O 7. Ngf3 Ne4 8. a3
Nxd2 9. Nxd2 Bxd2+ 10. Qxd2 Re8 11. Be2 e5 12. Bh2 exd4 13. O-O-O Qe7 14. cxd5
Bf5 15. Bd3 Qc5+ 16. Qc2 Qxc2+ 17. Kxc2 Bxd3+ 18. Rxd3 Na5 19. Rxd4 Rac8 20.
Kb1 Red8 21. Rhd1 c5 22. dxc6 Rxd4 23. Rxd4 bxc6 24. Ra4 Nb3 25. Rxa7 f6 26.
Rb7 Nd2+ 27. Kc2 Nf1 28. Rb8 Rxb8 29. Bxb8 g5 30. a4 Kg7 31. a5 Kg6 32. a6 h5
33. a7 g4 34. hxg4 hxg4 35. a8=Q Kh5 36. Bf4 1-0

[Event "Faxe Dags EMT 2016"]
[Site "Faxe"]
[Date "2016.05.18"]
[Round "7"]
[White "Andersen, Hans Poul"]
[Black "Nielsen, Ib"]
[Result "1/2-1/2"]
[WhiteElo "1310"]
[BlackElo "1334"]
[PlyCount "93"]
[EventDate "2016.??.??"]

1. e4 e5 2. Bc4 Bc5 3. Nf3 d6 4. d3 Bg4 5. h3 Bh5 6. O-O Nc6 7. c3 Na5 8. Nbd2
Nxc4 9. Nxc4 Bxf3 10. Qxf3 Qf6 11. Nd2 a5 12. a3 Qg6 13. Nb3 Bb6 14. Be3 Bxe3
15. fxe3 Nf6 16. Qf5 Qh6 17. Qf3 O-O 18. d4 b6 19. Rad1 Rad8 20. d5 Qg6 21. Nd2
h6 22. c4 Nh7 23. Qf5 Qg3 24. Rf3 Qh4 25. g3 Qe7 26. h4 g6 27. Qg4 Nf6 28. Qh3
h5 29. Rdf1 Ng4 30. Qg2 g5 31. hxg5 Qxg5 32. Qe2 Rd7 33. Kg2 f6 34. Rh1 Rh7 35.
Nf1 h4 36. Rh3 f5 37. Rxf5 Rxf5 38. exf5 Qxf5 39. e4 Qg6 40. gxh4 Ne3+ 41. Kh2
Ng4+ 42. Kh1 Qxe4+ 43. Qg2 Qxg2+ 44. Kxg2 Kf7 45. Nd2 Nf6 46. Kf3 Ke7 47. Ne4
1/2-1/2